Detalles MARC
| 000 -CABECERA |
| campo de control de longitud fija |
01071nam a2200241 a 4500 |
| 001 - NÚMERO DE CONTROL |
| campo de control |
000027899 |
| 005 - FECHA Y HORA DE LA ÚLTIMA TRANSACCIÓN |
| campo de control |
20200930031202.0 |
| 008 - DATOS DE LONGITUD FIJA--INFORMACIÓN GENERAL |
| campo de control de longitud fija |
110405s1981 dr r 001 e spa d |
| 040 ## - FUENTE DE LA CATALOGACIÓN |
| Centro catalogador/agencia de origen |
DO-SdBNP |
| Lengua de catalogación |
spa |
| Centro/agencia transcriptor |
BNPHU |
| 082 ## - NÚMERO DE LA CLASIFICACIÓN DECIMAL DEWEY |
| Número de clasificación |
781.17 |
| Número de documento/Ítem |
B716t |
| 100 1# - ENTRADA PRINCIPAL--NOMBRE DE PERSONA |
| Nombre de persona |
Bonnelly Díaz, Aída, |
| Fechas asociadas al nombre |
1926- |
| 9 (RLIN) |
54967 |
| 245 10 - MENCIÓN DE TÍTULO |
| Título |
Testimonios del canto y las palabras / |
| Mención de responsabilidad, etc. |
Aída Bonnelly de Díaz. |
| 260 ## - PUBLICACIÓN, DISTRIBUCIÓN, ETC. |
| Lugar de publicación, distribución, etc. |
Santo Domingo : |
| Nombre del editor, distribuidor, etc. |
Alfa y Omega, |
| Fecha de publicación, distribución, etc. |
1981. |
| 300 ## - DESCRIPCIÓN FÍSICA |
| Extensión |
338 p. ; |
| Dimensiones |
23 cm. |
| 505 0# - NOTA DE CONTENIDO CON FORMATO |
| Información miscelánea |
Presentación -- |
| Título |
Artículos de aporte al ambiente musical dominicano -- |
| -- |
Artistas que he conocido -- |
| -- |
Artículos sobre críticas -- |
| -- |
Artículos pedagógicos -- |
| -- |
Temas variados. |
| 590 ## - NOTA LOCAL (RLIN) |
| Nota local |
Inventariado, 2018/LP |
| 650 #4 - PUNTO DE ACCESO ADICIONAL DE MATERIA--TÉRMINO DE MATERIA |
| Término de materia o nombre geográfico como elemento de entrada |
Apreciación musical |
| Subdivisión general |
Ensayos, conferencias, etc. |
| 9 (RLIN) |
54968 |
| 650 #4 - PUNTO DE ACCESO ADICIONAL DE MATERIA--TÉRMINO DE MATERIA |
| Término de materia o nombre geográfico como elemento de entrada |
Musicos |
| Subdivisión general |
Ensayos, conferencias, etc. |
| 9 (RLIN) |
54969 |
| 650 #4 - PUNTO DE ACCESO ADICIONAL DE MATERIA--TÉRMINO DE MATERIA |
| Término de materia o nombre geográfico como elemento de entrada |
Música dominicana |
| Subdivisión general |
Ensayos, conferencias, etc. |
| Subdivisión cronológica |
SIGLO XX |
| 9 (RLIN) |
54970 |
| 650 #4 - PUNTO DE ACCESO ADICIONAL DE MATERIA--TÉRMINO DE MATERIA |
| Término de materia o nombre geográfico como elemento de entrada |
Diarios dominicanos |
| Subdivisión general |
Secciones, columnas, etc. |
| 9 (RLIN) |
44 |
| 730 0# - PUNTO DE ACCESO ADICIONAL--TÍTULO UNIFORME |
| Título uniforme |
Listín Diario (República Dominicana) |
| 9 (RLIN) |
1199 |
| 910 ## - DATOS DE OPCIÓN DEL USUARIO (OCLC) |
| Datos de opción del usuario |
Validado. Control de calidad. EMS |